000 02279nam a2200253Ia 4500
999 _c55632
_d55632
001 22727
003 GE_BSU
005 20230501160032.0
008 181216s ||||ge |||||||||||||| ||geo||
040 _cGE_BSU
041 _ageo
080 _a27:7 ს-12
245 _aსაერო და საეკლესიო ხელოვნების ნიმუშების გამოფენა :
_bთბილისის ყოვლადწმინდა სამების ლავრა ; ყოვლადწმინდა ღვთისმშობლის ხარების სახელობის ტაძარ 3-6 სექტემბერი 2006 წელი /
_cკატალოგზე მუშაობდნენ : ზურაბ ცხოვრებაძე ; დავით კაკაბაძე ; თამარ ასათიანი ; ფოტომასალა ლევან ლაკერბაია.
264 _aთბილისი :
_bსაქართველოს საპატრიარქო,
_c2006.
300 _a45 გვ. ;
_c20 სმ.
_eილუსტრაციების სია გვ. : 41-44
500 _a კატალოგი გამოდის სრულიად საქართველოს კათოლიკოს-პატრიარქის,უწმინდესისა და უნეტარესის ილია II-ის ლოცვა-კურთხევით
500 _aგარეკანის პირველ გვ. : წმინდა ნინოს ტიხრული მინანქრის ხატი
520 _aკატალოგი გამოდის სრულიად საქართველოს კათოლიკოს-პატრიარქის,უწმინდესისა და უნეტარესის ილია II-ის ლოცვა-კურთხევით
541 _h5ლ.
653 _aრელიგია
653 _aსაერო და საეკლესიო ხელოვნების ნიმუშების გამოფენა
653 _aხელოვნება
942 _cBK
_2udc